| 000 | 01164nam0a22002411i 4500 | ||
|---|---|---|---|
| 001 | rc\4356066 | ||
| 005 | 20240921102617.0 | ||
| 021 |
_aRU _b[58-66916] |
||
| 035 | _a(NLR Aleph) 008280982 | ||
| 090 |
_a8516175 _c8516175 |
||
| 100 | _a20130416d1958 |||y0rusy50 ca | ||
| 101 | 0 | _arus | |
| 102 | _aRU | ||
| 105 | _ay d ||||| | ||
| 200 | 1 |
_aВопросы специализации металлообрабатывающего производства _e(На примере предприятий местной пром-сти Свердл., Перм. и Челяб. обл.) _eАвтореферат дис. на соискание учен. степени кандидата экон. наук _fАкад. наук СССР. Уральский филиал. Отд. экон. исследований |
|
| 210 |
_aСвердловск _d1958 |
||
| 215 |
_a16 с. _d22 |
||
| 700 | 1 |
_7ca _8rus _aЖукова _bЛ. М. _cканд. экон. наук, машиностроение _gЛариса Михайловна _9257921 _3RU\NLR\AUTH\770257977 |
|
| 801 | 0 |
_aRU _bNLR _gpsbo |
|
| 801 | 1 |
_aRU _bELAR _2rusmarc |
|
| 852 |
_aNLR _j59-6/701 |
||
| 942 | _cBOOK | ||